What do boys and girls read?: An investigation into reading habitswith some suggestion about the teaching of literature in secondary and senior schools (Record no. 1321828)

MARC details
000 -LEADER
fixed length control field 00651nam a2200193Ia 4500
005 - DATE AND TIME OF LATEST TRANSACTION
control field 20260415160334.0
008 - FIXED-LENGTH DATA ELEMENTS--GENERAL INFORMATION
fixed length control field 008 250505s9999 xx 000 0 eng d
037 ## - SOURCE OF ACQUISITION
Stock number Textual
040 ## - CATALOGING SOURCE
Original cataloging agency FEDL
Language of cataloging eng
Transcribing agency FEDL
041 ## - LANGUAGE CODE
Language code of text/sound track or separate title eng
Source of code eng
084 ## - COLON CLASSIFICATION NUMBER
Classification number 374.1 JEN
Assigning agency FEDL
100 ## - MAIN ENTRY--PERSONAL NAME
Personal name Jenkinson A J
9 (RLIN) 755744
245 #0 - TITLE STATEMENT
Title What do boys and girls read?: An investigation into reading habitswith some suggestion about the teaching of literature in secondary and senior schools
250 ## - EDITION STATEMENT
Edition statement 2
260 ## - PUBLICATION, DISTRIBUTION, ETC.
Place of publication, distribution, etc. London, UK
Name of publisher, distributor, etc. Methuen and Co. Ltd.
Date of publication, distribution, etc. 1946
300 ## - PHYSICAL DESCRIPTION
Extent x,286p
942 ## - ADDED ENTRY ELEMENTS (KOHA)
Koha item type Textual
Classification part 374.1 JEN
Holdings
Withdrawn status Lost status Damaged status Not for loan Home library Current library Date acquired Total Checkouts Full call number Barcode Date last seen Price effective from Koha item type
        Department of Education Library Department of Education Library 2025-05-08   374.1 JEN EL0000513 2025-05-08 2025-05-08 Textual
Copyright @ Delhi University Library System